Statystyki dla Przystanki linii tramwajowej 2 w Toruniu

Kliknij tutaj aby rozwiązać quiz!

Ogólne statystyki

  • Ten quiz został rozwiązany 24 razy
  • Średni wynik to 15 z 23

Statystyki odpowiedzi

Odpowiedź% Poprawnych
Dworzec Wschodni
100%
Motoarena
83%
Osiedle Młodych
83%
Reja
83%
Świętopełka
78%
Wschodnia
78%
Elana B
72%
Kraszewskiego
72%
Odrodzenia
72%
Osiedle Zieleniec
72%
Przy Kaszowniku
72%
Sienkiewicza
72%
Szosa Bydgoska
72%
Elana A
67%
Przychodnia
67%
Uniwersytecka
67%
Plac Skalskiego
61%
Aleja Solidarności
56%
Warneńczyka
56%
Szpital Miejski
50%
Tofama
50%
Wały gen. Sikorskiego
39%
Uniwersytecka PKS
22%

Rozkład punktacji

Percentyl według liczby udzielonych odpowiedzi

Procent ludzi z każdym wynikiem

Twoja historia wyników

Nie rozwiązałeś tego quizu